000 00633nam a2200265Ia 4500
005 20260324153215.0
008 008 260324s9999 xx 000 0 eng d
020 _a9780128118481
037 _aEBOOK
040 _aCRL
040 _beng
040 _cCRL
041 _2eng
041 _aeng
084 _qCRL
100 _aArnab, Raghunath
_91230871
245 0 _aSurvey Sampling Theory and Applications
260 _bElsevier
260 _c2017
650 _aMathematics
856 _uhttps://www.sciencedirect.com/science/book/9780128118481
942 _cEBOOK
999 _c1842173
_d1842173